| 000 | 02812nam a2200349 i 4500 | ||
|---|---|---|---|
| 001 | 194525 | ||
| 003 | SpMaBN | ||
| 005 | 20250711063124.0 | ||
| 008 | 240503s2023 sp | |||| 000 spa | ||
| 015 | _aMON23 | ||
| 017 |
_aM 26503-2023 _bOficina Depósito Legal Madrid |
||
| 020 | _a9788416842841 | ||
| 040 |
_aSpMaBN _bspa _cSpMaBN _erda |
||
| 100 |
_aRomero Ramírez, Vicente, _d1947 _9236190 _eaut |
||
| 245 |
_aLos señores de las tijeras : _bel cine que la censura nos prohibió / _cVicente Romero Ramírez |
||
| 250 | _a2023 | ||
| 260 |
_bAkal, _c2023 |
||
| 300 |
_a301 páginas ; _c22 cm |
||
| 336 |
_aTexto _2rdacontent |
||
| 337 |
_asin mediación _2rdamedia |
||
| 338 |
_avolumen _2rdacarrier |
||
| 520 | _aDesde sus orígenes, el cine ha sido objeto de control para eliminar aquello que en cada época el poder consideraba «peligroso». En este libro, ameno al estar concebido como un gran reportaje, Vicente Romero nos narra la historia de la censura en el cine español, con especial atención a los cuarenta años de la dictadura franquista, cuando los señores de las tijeras –principalmente falangistas y representantes de la Iglesia– impusieron los criterios religiosos y políticos oficiales sobre lo que se podía o no ver en las pantallas: imágenes cortadas, diálogos suprimidos, argumentos tergiversados por el doblaje... hasta extremos tan absurdos y ridículos que hoy nos generan una sonrisa, pero que representaron una condena para nuestro cine. Esta rigurosa investigación nos ofrece testimonios de nuestros principales cineastas (Berlanga, Bardem, Saura, Iquino, etcétera), así como de integrantes de las juntas de censura, junto a algunas imágenes de secuencias prohibidas y una selección de documentos oficiales inéditos sobre la actuación de los llamados ángeles guardianes que se esmeraban en una represión cultural destinada –según afirmó el ministro de Información, Arias Salgado– a salvar almas de españoles. Ante los ojos del lector, en estas páginas se despliega una atractiva crónica de los tiempos más difíciles y oscuros de la sociedad española, no tan lejanos, cuando permanecía sometida a la estrechez moral y el dogmatismo del régimen surgido de la Guerra Civil. | ||
| 650 | 4 |
_911016 _aCine- _xCensura- _zEspaña |
|
| 655 | 0 |
_9237084 _aCine español |
|
| 852 |
_aES-MaACL _cDEPOJ _jN-9952 _hDonación: José Lázaro García _xEncuadernación rústica con solapas _9205864 |
||
| 903 |
_9234219 _aLázaro García, José _ednr |
||
| 942 |
_cMONOGRAFIA _n0 |
||
| 999 |
_c194525 _d194525 |
||